Alconbury revisited (Record no. 68476)

MARC details
000 -LEADER
fixed length control field 01395cam a2200229 4500
001 - CONTROL NUMBER
control field ABS64590
008 - FIXED-LENGTH DATA ELEMENTS--GENERAL INFORMATION
fixed length control field 011004n2001 000 0 eng u
035 ## - SYSTEM CONTROL NUMBER
System control number (Sirsi) u114994
100 ## - MAIN ENTRY--PERSONAL NAME
Personal name Edwards, M.
245 ## - TITLE STATEMENT
Title Alconbury revisited
260 ## - PUBLICATION, DISTRIBUTION, ETC.
Date of publication, distribution, etc. 2001
490 ## - SERIES STATEMENT
Series statement Estates Gazette
Volume/sequential designation (0139) 29 September 2001, 139(1)
520 ## - SUMMARY, ETC.
Summary, etc. Considers the latest aspect of the planning system to be challenged under European Convention on Human Rights Article 6. Discusses "R (on the application of Kathro) v Rhondda Cynon Taff CBC", which considered whether the granting of planning permission by an interested planning authority is in breach of Article 6. The local planning authority had applied for outline planning permission for a large-scale development on land they owned situated within their own area. The planning application had yet to be determined when the case came to court, and the claimants' Article 6 challenge failed. The ruling suggests that the availability of judicial review may be sufficient to provide compatibility where there are no factual issues.
590 ## - LOCAL NOTE (RLIN)
Local note ABS
650 ## - SUBJECT ADDED ENTRY--TOPICAL TERM
Topical term or geographic name entry element CONVENTION FOR THE PROTECTION OF HUMAN RIGHTS AND FUNDAMENTAL FREEDOMS ART 6
650 ## - SUBJECT ADDED ENTRY--TOPICAL TERM
Topical term or geographic name entry element R V RHONDDA CYNON TAFF BC EX P KATHRO AND OTHERS
650 ## - SUBJECT ADDED ENTRY--TOPICAL TERM
Topical term or geographic name entry element ALCONBURY
650 ## - SUBJECT ADDED ENTRY--TOPICAL TERM
Topical term or geographic name entry element INCOMPATIBILITY
690 ## - LOCAL SUBJECT ADDED ENTRY--TOPICAL TERM (OCLC, RLIN)
Topical term or geographic name as entry element Planning and development
9 (RLIN) 6259
700 ## - ADDED ENTRY--PERSONAL NAME
Personal name Martin, J.
942 ## - ADDED ENTRY ELEMENTS (KOHA)
Suppress in OPAC 0
Holdings
Withdrawn status Lost status Source of classification or shelving scheme Damaged status Not for loan Home library Current library Shelving location Date acquired Total Checkouts Full call number Barcode Date last seen Copy number Price effective from Koha item type
    Dewey Decimal Classification     London London Journal article 04/10/2001   ABS64590 114994-1001 06/08/2019 1 06/08/2019 Journal article